000 00512nam a2200181Ia 4500
999 _c29510
_d29510
003 OSt
005 20201117102903.0
008 190216s9999||||xx |||||||||||||| ||und||
020 _a8171748740
040 _coclc
082 _a894.8123
_bMAN/V
100 _aMangalodhayam, Sudhakar
_96647
245 0 _aVasthubali /
_cSudhakar Mangalodhayam
260 _bC I C C Book House,
_aKochi:
_c2007.
300 _a180p
650 _aNovel
942 _cBK
_2ddc
_h894.8123
_iMAN/V
_k894.8123
_mMAN/V